Online katalóg knižníc regiónu Turca

Vianoce (Record no. 22578)

MARC details
000 -LEADER
fixed length control field 01134nam a2200397 a 4500
001 - CONTROL NUMBER
control field 22578
003 - CONTROL NUMBER IDENTIFIER
control field SK-KTurca
005 - DATE AND TIME OF LATEST TRANSACTION
control field 20260401140935.0
008 - FIXED-LENGTH DATA ELEMENTS--GENERAL INFORMATION
fixed length control field 240226s1995 xo a ra slo
015 ## - NATIONAL BIBLIOGRAPHY NUMBER
National bibliography number SNBA1996/0300749
020 ## - INTERNATIONAL STANDARD BOOK NUMBER
International Standard Book Number 8085405156
035 ## - SYSTEM CONTROL NUMBER
System control number SNK000117396
035 ## - SYSTEM CONTROL NUMBER
System control number urn:nbn:sk:snk-amk1so
035 ## - SYSTEM CONTROL NUMBER
System control number urn:nbn:sk:snk-am00868h
035 ## - SYSTEM CONTROL NUMBER
System control number 2021BDF1-1C1B-4217-999E-ED38ADA17FF7
040 ## - CATALOGING SOURCE
Original cataloging agency SNK
Language of cataloging slo
Transcribing agency SNK
Description conventions AACR2
041 1# - LANGUAGE CODE
Language code of text/sound track or separate title slo
Language code of original ger
044 ## - COUNTRY OF PUBLISHING/PRODUCING ENTITY CODE
MARC country code xo
ISO country code SK
080 ## - UNIVERSAL DECIMAL CLASSIFICATION NUMBER
Universal Decimal Classification number 830-3
Edition identifier 1981
080 ## - UNIVERSAL DECIMAL CLASSIFICATION NUMBER
Universal Decimal Classification number 821.112.2-31
Edition identifier 2001
100 1# - MAIN ENTRY--PERSONAL NAME
Personal name May, Karl,
Dates associated with a name 1842-1912
Relationship aut
245 10 - TITLE STATEMENT
Title Vianoce
Statement of responsibility, etc. Karl May
250 ## - EDITION STATEMENT
Edition statement 2. vyd.
260 ## - PUBLICATION, DISTRIBUTION, ETC.
Place of publication, distribution, etc. Bratislava
Name of publisher, distributor, etc. Don Bosco
Date of publication, distribution, etc. 1995
300 ## - PHYSICAL DESCRIPTION
Extent 351 s.
Other physical details Ilustr.
Dimensions 19 cm
490 1# - SERIES STATEMENT
Series statement Western
500 ## - GENERAL NOTE
General note Ilustr. na tit. strane
500 ## - GENERAL NOTE
General note Z nemeckého originálu preložila Marta Hollá
655 #7 - INDEX TERM--GENRE/FORM
Genre/form data or focus term nemecké romány
Source of term SNKPH
655 #7 - INDEX TERM--GENRE/FORM
Genre/form data or focus term dobrodružné romány
Source of term SNKPH
700 1# - ADDED ENTRY--PERSONAL NAME
Personal name Hollá, Marta
Titles and other words associated with a name (prekladateľka)
Relationship trl
700 1# - ADDED ENTRY--PERSONAL NAME
Personal name Martiška, Juraj,
Dates associated with a name 1969-
Relationship ill
830 #0 - SERIES ADDED ENTRY--UNIFORM TITLE
Uniform title Western
911 ## - EQUIVALENCE OR CROSS-REFERENCE-CONFERENCE OR MEETING NAME [LOCAL, CANADA]
Meeting name or jurisdiction name as entry element KN 1996/03
Number [OBSOLETE] 00749
Location of meeting 00777
942 ## - ADDED ENTRY ELEMENTS (KOHA)
Source of classification or shelving scheme Dewey Decimal Classification
Koha item type Krásna literatúra pre dospelých
Suppress in OPAC No
Holdings
Stav vyradenia Strata Poškodenie Spôsob nadobudnutia Domovská knižnica Aktuálna knižnica Dátum nadobudnutia Total checkouts Čiarový kód exemplára Date last seen Typ exemplára
      Dar Obecná knižnica Turčianska Štiavnička Obecná knižnica Turčianska Štiavnička 01.04.2026   4738000908 01.04.2026 Krásna literatúra pre dospelých
Projekt je podporený Slovenskou asociáciou knižníc
Prevádzkuje Turčianska knižnica Martin 2026